Systematic reviews in health care : A practical guide
This volume provides a clear introduction to the concepts of systematic reviews, and lucidly describes the difficulties and traps to avoid. A unique feature of the manual is its description of the different methods needed for different types of health care questions: frequency of disease, prognosis,...
Đã lưu trong:
| Format: | Bog |
|---|---|
| Sprog: | Undetermined |
| Udgivet: |
Cambridge, U.K.
Cambridge University Press
2001
|
| Fag: | |
| Tags: |
Tilføj Tag
Ingen Tags, Vær først til at tagge denne postø!
|
| Thư viện lưu trữ: | Trung tâm Học liệu Trường Đại học Cần Thơ |
|---|
| LEADER | 01084nam a2200205Ia 4500 | ||
|---|---|---|---|
| 001 | CTU_167578 | ||
| 008 | 210402s9999 xx 000 0 und d | ||
| 020 | |c 49.45 | ||
| 082 | |a 610.72 | ||
| 082 | |b S995 | ||
| 245 | 0 | |a Systematic reviews in health care : | |
| 245 | 2 | |b A practical guide | |
| 245 | 0 | |c Paul Glasziou ... [et al.]. | |
| 260 | |a Cambridge, U.K. | ||
| 260 | |b Cambridge University Press | ||
| 260 | |c 2001 | ||
| 520 | |a This volume provides a clear introduction to the concepts of systematic reviews, and lucidly describes the difficulties and traps to avoid. A unique feature of the manual is its description of the different methods needed for different types of health care questions: frequency of disease, prognosis, diagnosis, risk, and management. This book also provides illustrative examples and exercises for each of the sections. | ||
| 650 | |a Evidence-based medicine,Bằng chứng y học,Systematic reviews (Medical research),Hệ thống xem xét lại | ||
| 904 | |i Trọng Hiếu | ||
| 980 | |a Trung tâm Học liệu Trường Đại học Cần Thơ | ||